Diseño de moda por ordenador : proyectos prácticos /

Gardado en:
Detalles Bibliográficos
Autor Principal: Prieto Fernández, Carlos (autor)
Formato: Libro
Idioma:Lingua castelá
Publicado: Madrid, España : Anaya, 2005, c2005
Series:(Diseño y Creatividad)
Temas:
Etiquetas: Engadir etiqueta
Sen Etiquetas, Sexa o primeiro en etiquetar este rexistro!

MARC

LEADER 00000nam^a2200000^a^4500
001 000185841
005 20250521000000.0
009 20260310102205.609
020 |a 84-415-1799-1 
037 |a Acervo ITESO - Biblioteca 
041 |a ESP 
082 |a 746. 920285  |b PRI 
100 |a Prieto Fernández, Carlos  |e (autor) 
245 1 0 |a Diseño de moda por ordenador :  |b proyectos prácticos /  |c C. Prieto Fernández. 
264 4 |a Madrid, España :  |b Anaya,  |c 2005, c2005 
300 |a 592 p. +  |e 1 disco compacto de computadora 
336 |a texto  |b txt  |2 rdacontenido 
337 |a sin mediación  |b n  |2 rdamedio 
338 |a volumen  |b nc  |2 rdasoporte 
440 1 |a (Diseño y Creatividad) 
649 |a XX 
650 |a Accesorios Personales -  |x Industria y Comercio 
650 |a Vestido 
650 |a Arreglo y Cuidado Personal 
650 |a Moda 
650 |a Industria del Calzado 
650 |a Industria del Vestido 
650 |a Diseño del Producto 
650 |a Diseño Asistido por Computadora 
650 |a Computadoras en la Industria 
650 |a Computadoras en la Industria 
650 |a Proceso de Producción 
650 |a Ingeniería Computacional 
650 |a Diseño Gráfico 
650 |a Comunicación Visual 
910 |a Fondo General 
920 |a Impresos - Libros 
930 |a Colección General 
905 |a 101 
901 |a 0500127142  |b IT1  |c ACC  |u 20250521 
901 |a 0500127145  |b IT2  |c SWS  |u 20250521 
902 |a https://opac.biblio.iteso.mx/vufind/Record/000185841